| 000 | 00895nam a2200301 a 4500 | ||
|---|---|---|---|
| 999 |
_c4709 _d4709 |
||
| 003 | OSt | ||
| 005 | 20220328065458.0 | ||
| 008 | 940914s1995 moua b 001 0 eng c | ||
| 010 | _a 94036280 | ||
| 020 | _a0801672430 (alk. paper) | ||
| 035 | _a166609 | ||
| 035 | _aV\= | ||
| 035 | _a31287732 | ||
| 040 |
_aDNLM/DLC _cALUPE UNIVERSITY _dNLM |
||
| 049 |
_aJHWW _no |
||
| 096 | _aWE 200 E53 1995 | ||
| 245 | 0 | 0 |
_aEmergency management of skeletal injuries / _ceditors, Ernest Ruiz, James J. Cicero. |
| 260 |
_aSt. Louis, Mo. : _bMosby, _cc1995. |
||
| 300 |
_aviii, 568 p. : _bill. ; _c29 cm. |
||
| 504 | _aIncludes bibliographical references and index. | ||
| 650 | 2 |
_aBone and Bones _xinjuries. |
|
| 650 | 2 | _aEmergency Medicine. | |
| 700 | 1 | _aRuiz, Ernest. | |
| 700 | 1 | _aCicero, James J. | |
| 910 | _a166609 | ||
| 942 |
_2lcc _cBK _nDO |
||
| 945 |
_aMATT _b1 _d92.40 _k950512 _n36 _o1 _qA _w1 |
||